Encyclopedia of international strategic management / edited by Christian Geisler Asmussen, Niron Hashai, Dana Minbaeva. (Record no. 22591)

000 -LEADER
fixed length control field 01989nam a22002177a 4500
020 ## - INTERNATIONAL STANDARD BOOK NUMBER
ISBN 9781800884038
082 ## - DEWEY DECIMAL CLASSIFICATION NUMBER
Classification number 658.401203
Item number En56 2024
245 ## - TITLE STATEMENT
Title Encyclopedia of international strategic management / edited by Christian Geisler Asmussen, Niron Hashai, Dana Minbaeva.
260 ## - PUBLICATION, DISTRIBUTION, ETC. (IMPRINT)
Place of publication Cheltenham, UK ;
-- Northampton, MA :
Name of publisher Edward Elgar Publishing,
Year of publication c2024.
300 ## - PHYSICAL DESCRIPTION
Number of Pages 1 online resource, xxi, 407 pages :
Other physical details illustrations.
490 ## - SERIES STATEMENT
Series statement Elgar Encyclopedias in Business and Management.
500 ## - GENERAL NOTE
General note Includes bibliographical references and index.
520 ## - SUMMARY, ETC.
Summary, etc This dynamic Encyclopedia presents succinct definitions, explanations and compact reviews of a comprehensive range of topics in the continually evolving field of International Strategic Management (ISM). A diverse and international collective of eminent scholars and thought leaders leverage their research expertise to present concise reviews of the state-of-the-art of research in ISM, exploring the manifold aspects of firms' global strategies. With more than 90 carefully selected entries, spanning from asset recombination to foreign ownership, and from global mergers and acquisitions to the Uppsala Model, the Encyclopedia captures the breadth and depth of the multifunctional and multidisciplinary field of ISM. Offering clear definitions of the key concepts and theories in ISM, this cutting-edge Encyclopedia will be an invaluable reference tool for doctoral students and scholars of international business, strategic management, and economics and finance. Its practical insights will also benefit practitioners, managers and policy makers in management fields.
650 ## - SUBJECT ADDED ENTRY--TOPICAL TERM
Topical Term Strategic planning--Encyclopedias.
650 ## - SUBJECT ADDED ENTRY--TOPICAL TERM
Topical Term International business enterprises--Management--Encyclopedias.
650 ## - SUBJECT ADDED ENTRY--TOPICAL TERM
Topical Term Strategic planning--Cross-cultural studies--Encyclopedias.
700 ## - ADDED ENTRY--PERSONAL NAME
Personal name Asmussen, Christian Geisler, editor.
700 ## - ADDED ENTRY--PERSONAL NAME
Personal name Hashai, Niron, editor.
700 ## - ADDED ENTRY--PERSONAL NAME
Personal name Minbaeva, Dana, editor.
942 ## - ADDED ENTRY ELEMENTS (KOHA)
Koha item type Electronic Books
Holdings
Source of acquisition Permanent Location Date acquired Collection code Koha item type Lost status Shelving location Withdrawn status Current Location Full call number
DonationCagayan State University - Carig Library2026-04-16E-BooksElectronic Books E-Resource Section Cagayan State University - Carig Library658.401203 En56 2024

Cagayan State University University Library, Carig Campus
Tuguegarao City, Cagayan 3500 | www.csucarig.edu.ph

Powered by Koha